01146cam a22003134a 450000100090000000300040000900500170001300800410003001000170007102000220008804000180011004200080012805000200013608200150015610000230017124501090019425000120030326000690031530000380038450400530042265000270047565000390050270000200054185600780056190600450063994200120068499900190069695201170071514056747OSt20151013104310.0050729s2007 njuab b 001 0 eng  a 2005021868 a0131719807 (pbk.) aDLCcDLCdDLC apcc00aLB43b.K85 200700a370/.92221 aKubow, Patricia K.10aComparative education :bexploring issues in international context /cPatricia K. Kubow, Paul R. Fossum. a2nd ed. aUpper Saddle River, NJ :bPearson/Merrill/Prentice Hall,cc2007. ax, 326 p. :bill., maps ;c23 cm. aIncludes bibliographical references and indexes. 0aComparative education. 0aEducationvCross-cultural studies.1 aFossum, Paul R.413Table of contentsuhttp://www.loc.gov/catdir/toc/ecip0517/2005021868.html a7bcbccorignewd1eecipf20gy-gencatlg 2lcccBK c250437d250437 00102lcc4070a40404b40404cGENd2015-10-13l0oLB43 .K85 2007p20090357r2015-10-13 00:00:00w2015-10-13ySB